Statistiques concernant Effectif Brésil Coupe du Monde 2022

Cliquez ici pour prendre le quiz!

Statistiques générales

  • Ce quiz a été pris 341 fois
    (336 depuis la dernière actualisation)
  • Le résultat moyen est 20 sur 27

Statistiques - réponses

POSTECLUBNUMEROJOUEUR% Correct
ATTPSG10Neymar Jr
99%
GManchester City23Ederson
98%
ATTReal Madrid20Vincius Junior
97%
GLiverpool1Alisson
96%
DEFPSG4Marquinhos
96%
DEFChelsea3Thiago Silva
96%
ATTArsenal18Gabriel Jesus
92%
ATTReal Madrid21Rodrygo
90%
MILManchester United5Casemiro
88%
DEFReal Madrid14Eder Militao
88%
ATTTottenham9Richarlison
87%
MILWest Ham7Lucas Paqueta
83%
ATTArsenal26Gabriel Martinelli
81%
ATTManchester United19Antony
79%
ATTFC Barcelone11Raphinha
78%
MILLiverpool15Fabinho
76%
DEFJuventus2Danilo
74%
MILManchester United8Fred
72%
DEFJuventus6Alex Sandro
68%
DEFJuventus24Bremer
64%
MILNewcastle17Bruno Guimaraes
63%
DEFUNMA Pumas13Dani Alves
51%
COACH--Tite
46%
DEFFC Séville16Alex Telles
42%
ATTCR Flamengo25Pedro
28%
GPalmeiras12Weverton
24%
MILCR Flamengo22Everton Ribeiro
17%

Distribution des résultats

Percentile par nombre de réponses

% des personnes avec chaque résultat

Votre développement - résultats

Vous n’avez pas pris ce quiz depuis la dernière actualisation